000
00257nam a22001097a 4500
008
160428b xxu||||| |||| 00| 0 eng d
020
_a
9780803630420
041
_a
eng
080
_a
618.2
245
_a
Pediatric nursing:
_c
Margot R. De Sevo;
942
_2
udc
_c
BK
999
_c
1653
_d
1653